logo

Bir Sreshtho Munshi Abdur Rouf Library
Jhenaidah Cadet College

প্রখ্যাত মহিলা বিজ্ঞানী / (Record no. 9670)

MARC details
000 -LEADER
fixed length control field 00754nam a22002297a 4500
001 - CONTROL NUMBER
JCCL Control Number 9670
003 - CONTROL NUMBER IDENTIFIER
JCCL marc code BD-JhCC
005 - DATE AND TIME OF LATEST TRANSACTION
control field 20180327093805.0
008 - FIXED-LENGTH DATA ELEMENTS--GENERAL INFORMATION
fixed length control field 180321s1968 b ||||| |||| 00| 0 b d
035 ## - SYSTEM CONTROL NUMBER
system control number (BD-JhCC) 9670
040 ## - CATALOGING SOURCE
Original cataloging agency BD-JhCC
Modifying agency BD-JhCC
041 ## - LANGUAGE CODE
Language code of Book ben
082 ## - DEWEY DECIMAL CLASSIFICATION NUMBER
Classification number 925
Author mark and Year RAH 1968
100 ## - MAIN ENTRY--PERSONAL NAME
Personal name ইয়স্ট, এডনা
245 ## - TITLE STATEMENT
Title প্রখ্যাত মহিলা বিজ্ঞানী /
Remainder of title এডনা ইয়স্ট, হাবিবুর রহমান
260 ## - PUBLICATION, DISTRIBUTION, ETC. (IMPRINT)
Place of publication, distribution, etc ঢাকা :
Name of publisher, distributor, etc নওরোজ কিতাবিস্তান
Date of publication, distribution, etc 1968
300 ## - PHYSICAL DESCRIPTION
Pagination 184 P ;
Dimensions 21 CM
650 ## - SUBJECT ADDED ENTRY--TOPICAL TERM
Topical term or geographic name as entry element Biography
Geographic subdivision Scientists
700 ## - ADDED ENTRY--PERSONAL NAME
Personal name রহমান, হাবিবুর
942 ## - ADDED ENTRY ELEMENTS (KOHA)
Source of classification or shelving scheme Dewey Decimal Classification
Koha item type Books
Holdings
Source of classification or shelving scheme Damaged status Not for loan Home library Current library Shelving location Date of accession Cost, normal purchase price Total Checkouts Full call number Barcode Date last seen Copy number Koha item type
Dewey Decimal Classification     JCC Rouf Library JCC Rouf Library General Stacks 03/21/2018 4.25   925 YOU 1968 12079 03/21/2018 C-1 Books

JCC Library | Contacts | JCC Home

Last Update on 23 September 2017
Copyright @ 2017-2020 JCC Rouf Library
Rouf Library, Jhenidah Cadet College (JCC), Bangladesh